Research methods in sign language studies. A practical guide
I tiakina i:
| Ētahi atu kaituhi: | , , |
|---|---|
| Hōputu: | Pukapuka |
| Reo: | Ingarihi |
| I whakaputaina: |
Chichester, England.
John Wiley & Sons,
2015
|
| Rangatū: | Guides to Research Methods in Language and Linguistics
|
| Ngā marau: | |
| Ngā Tūtohu: |
Tāpirihia he Tūtohu
Kāore He Tūtohu, Me noho koe te mea tuatahi ki te tūtohu i tēnei pūkete!
|
MARC
| LEADER | 00000cam a2200000 a 4500 | ||
|---|---|---|---|
| 001 | UCC9503 | ||
| 003 | CL-VaPUC | ||
| 005 | 20221028131300.0 | ||
| 008 | 191004e20150000uk |||||||||||||||||eng|d | ||
| 999 | |c 375683 |d 375681 | ||
| 020 | |a 9781118271421 | ||
| 040 | |c Pontificia Universidad Católica de Valparaíso | ||
| 082 | 0 | 4 | |a 419.071 ORF 2015 |2 21 |
| 100 | |a Orfanidou, Eleni |e editor |9 604613 | ||
| 245 | 1 | 0 | |a Research methods in sign language studies. |b A practical guide |
| 260 | |a Chichester, England. |b John Wiley & Sons, |c 2015 | ||
| 300 | |a 371 páginas | ||
| 490 | 0 | |a Guides to Research Methods in Language and Linguistics | |
| 583 | |a last modification |c 20191004 13:59:00 |k Rodrigo Vera | ||
| 650 | 0 | |a Lenguaje de señas |9 467152 | |
| 650 | 0 | |a Estudio y enseñanza |9 270395 | |
| 650 | 0 | |a Investigación lingüística |9 329785 | |
| 700 | 0 | |a Woll, Bencie |e editor |9 604614 | |
| 700 | 0 | |a Morgan, Gary |e editor |9 604615 | |
| 852 | |a BIBCUR | ||
| 942 | |c BK |2 ddc | ||
| 945 | |d 20191004 13:59:00 |a cmena | ||
| 952 | |0 0 |1 0 |2 ddc |3 erb |4 0 |6 419_071000000000000_ORF_2015 |7 0 |8 A |9 494694 |a BIBEDU |b BIBEDU |i 5562074 |o 419.071 ORF 2015 |p 5562074 |r 2019-11-24 |w 2019-11-24 |y BK |z Catalogado en:20191004 |k LIT | ||